Flugzeugflotten Teil 9-Emirates - Statistiken

Allgemein
  • Dieses Quiz wurde 211 mal gespielt
    93 seit der letzten Aktualisierung
  • Das Durchschnittsergebnis liegt bei 3 aus 5
Antwortstatistiken
Anzahl Flugzeugtyp % Korrekt
116 Airbus A380-800
95%
122 Boeing 777-300ER
83%
1 Airbus A350-900
60%
10 Boeing 777-200LR
35%
1 Airbus ACJ319
6%
Keine übereinstimmenden Quizze gefunden
Verteilung der Resultate
Anzahl Personen mit jedem Resultat
Perzentil nach korrekt beantworteten Fragen
Ihre Resultats-Entwicklung
Sie haben dieses Quiz seit der letzten Aktualisierung nicht gespielt